000 00949nam a2200229 4500
003 LK-CoMWRAF
008 230822b2007 |||||||| |||| 00| 0 eng d
020 _a8187966548
040 _aLK-CoMWRAF
_dLK-CoMWRAF
_eLK-CoMWRAF
041 _aeng
082 _a551.5
_bINT
111 _aINTERNATIONAL WORKSHOP ON DISASTER RISK MITIGATION: POTENTIAL OF MICRO-FINANCE FOR TSUNAMY RECOVERY
_c( New Delhi,
_d2005)
245 _aMicro-finance and disaster risk reduction:
_bproceedings of International Workshop on Disaster Risk Mitigation: Potential of Micro-Finance for Tsunami Recovery
260 _aNew Delhi :
_bNational Institute of Disaster Management in association with Knowledge World,
_c2006
300 _axiv, 225 p. : ill. ; 25 cm.
650 _aHAZARD MITIGATION-INDIA-CONGRESSES
650 _aTsunami recovery
650 _aMicrofinance--India
700 _aChakrabarti, P. G. Dhar
_eed.
700 _aBhat, Mihir R.
_eed.
942 _cCP
999 _c3245
_d3245